000
00271nam a2200121 a 4500
008
100917s1986|||| d
100
1
_a
Dick, Philip K.
245
1
0
_a
Temný obraz
260
_b
Smena
_a
Bratislava
_c
1986
020
_c
33
044
_a
xo
_c
SK
041
_a
slo
999
_c
10433
_d
10433